000
00288nam a22001337a 4500
003
SGT
082
_a
618.2
_b
H16D
100
_a
DAFTARY,SHIRISH N
245
_a
HOLLAD AND BREWS MANUALOF OBSTETRICS
250
_a
4TH
260
_a
INDIA
_b
ELSEVIER
_c
2016
300
_a
673
942
_2
ddc
_c
BK
999
_c
13986
_d
13986